000 00979nam a22002177a 4500
005 20171129122745.0
010 _aUR-9876
020 6 _c120.00
035 _aU-8431
037 _bDBAD/PUB
082 _a270.566
100 _aمو لا نا سید ا بو ا لا علی مو د و و ی
245 _aا سلا م ا و ر ضبط و لا د ت
_cمو لا نا سید ا بو ا لا علی مو د و و ی
246 _b
_aI slam Aur Zabt-e-Wiladat
250 _aby Moulana Sayyid Abul Ala Moudoodi
260 _a نئی د لی
_bMerkazi Maktaba Islami Publishers
_c2013
270 _aD307,Dawat Nagar,Abul Fazal Enclave,Jamia Nagar ,
_b New Delhi
_e110025
_k01126971652
_l-
300 _a158ص
_c22 Cm.(B.b)
500 _aدو حصہ
942 _2ddc
_cUR
_h270.566
_mس ی د
_e
999 _c147099
_d147099